Comerç urbà : l'aposta del món local de Barcelona : jornades de reflexió i debat l'aposta del món local de Barcelona :
Descripción Física:
1 díptic ; 30 x 21 cm
Materias:
Comerç -- Barcelona -- Congressos
MARC
| LEADER | 00000nam a2200000Ia 4500 | ||
|---|---|---|---|
| 001 | 24407 | ||
| 008 | 160829s2001 xx 000 0 cat d | ||
| 080 | |a FU-66-8 | ||
| 100 | |a Comerç urbà : l'aposta del món local de Barcelona (jornades de reflexió i debat) (2001 : Barcelona) |9 49538 | ||
| 245 | |a Comerç urbà : |b l'aposta del món local de Barcelona : |b jornades de reflexió i debat | ||
| 260 | |a Barcelona : |b Diputació de Barcelona. Àrea de Promoció Econòmica i Ocupació, |c 2001 | ||
| 300 | |a 1 díptic ; |c 30 x 21 cm | ||
| 590 | |a Programa de mà de les jornades, juntament amb la butlleta d'inscripció | ||
| 650 | |a Comerç |x Barcelona |x Congressos |9 49539 | ||
| 710 | 1 | |a Barcelona (Catalunya : Província). |b Àrea de Promoció Econòmica i Ocupació |9 17540 | |
| 901 | |a Arxiu | ||
| 942 | |n 1 | ||
| 952 | |0 0 |1 0 |4 0 |6 FU668 |7 1 |9 55429 |a Arxiu |b Arxiu |d 2016-12-01 |l 0 |o FU-66-8 |p 24407 |r 2016-12-01 00:00:00 |w 2016-12-01 |y ARXIU | ||
| 999 | |c 59302 |d 59302 | ||